<?xml version="1.0" encoding="UTF-8"?>
<record
    xmlns:xsi="http://www.w3.org/2001/XMLSchema-instance"
    xsi:schemaLocation="http://www.loc.gov/MARC21/slim http://www.loc.gov/standards/marcxml/schema/MARC21slim.xsd"
    xmlns="http://www.loc.gov/MARC21/slim">

  <leader>00830    a2200229   4500</leader>
  <controlfield tag="005">20081216162842.0</controlfield>
  <controlfield tag="008">081216t        xxu||||| |||| 00| 0 ben d</controlfield>
  <datafield tag="010" ind1=" " ind2=" ">
    <subfield code="a">BEN-8071</subfield>
  </datafield>
  <datafield tag="020" ind1=" " ind2=" ">
    <subfield code="a">8129504944</subfield>
    <subfield code="c">70.00</subfield>
  </datafield>
  <datafield tag="035" ind1=" " ind2=" ">
    <subfield code="a">BN-</subfield>
  </datafield>
  <datafield tag="037" ind1=" " ind2=" ">
    <subfield code="b">DBAD / Pub</subfield>
  </datafield>
  <datafield tag="082" ind1=" " ind2=" ">
    <subfield code="a">630</subfield>
  </datafield>
  <datafield tag="100" ind1=" " ind2=" ">
    <subfield code="a">&#x9B8;&#x9B0;, &#x9B0;&#x9AC;&#x9C0;&#x9A8;&#x9CD;&#x9B0;&#x9A8;&#x9BE;&#x9A5;</subfield>
  </datafield>
  <datafield tag="245" ind1=" " ind2=" ">
    <subfield code="a">&#x997;&#x9BE;&#x99B;&#x9AA;&#x9BE;&#x9B2;&#x9BE;&#x9B0;&#x9BE; &#x986;&#x99C;&#x9AC; &#x995;&#x996;&#x9BE;</subfield>
    <subfield code="c">&#x9AC;&#x9CD;&#x9A6;&#x9BE;&#x9B0;&#x9BE; &#x9B0;&#x9AC;&#x9C0;&#x9A8;&#x9CD;&#x9B0;&#x9A8;&#x9BE;&#x9A5; &#x9B8;&#x9B0;</subfield>
  </datafield>
  <datafield tag="260" ind1=" " ind2=" ">
    <subfield code="a">&#x995;&#x9CB;&#x9B2;&#x995;&#x9BE;&#x9A4;&#x9BE;</subfield>
    <subfield code="b">&#x9A6;&#x9C7;&#x99C; &#x9AA;&#x9AC;&#x9CD;&#x9B2;&#x9BF;&#x9B6;&#x9BF;&#x982;&#x997;</subfield>
    <subfield code="c">2006</subfield>
  </datafield>
  <datafield tag="270" ind1=" " ind2=" ">
    <subfield code="a">13, Bankim Chatterjee Street</subfield>
    <subfield code="b">Kolkata</subfield>
    <subfield code="c">W.B.</subfield>
    <subfield code="e">700073</subfield>
  </datafield>
  <datafield tag="300" ind1=" " ind2=" ">
    <subfield code="a">158 p</subfield>
    <subfield code="c">23 cm</subfield>
  </datafield>
  <datafield tag="650" ind1=" " ind2=" ">
    <subfield code="a">Agriculture</subfield>
  </datafield>
  <datafield tag="650" ind1=" " ind2=" ">
    <subfield code="a">&#x995;&#x9C3;&#x9B7;&#x9BF;.</subfield>
  </datafield>
  <datafield tag="942" ind1=" " ind2=" ">
    <subfield code="a">dpl</subfield>
    <subfield code="c">BN</subfield>
    <subfield code="k">630</subfield>
    <subfield code="2">ddc</subfield>
  </datafield>
  <datafield tag="999" ind1=" " ind2=" ">
    <subfield code="c">381</subfield>
    <subfield code="d">381</subfield>
  </datafield>
  <datafield tag="952" ind1=" " ind2=" ">
    <subfield code="0">0</subfield>
    <subfield code="1">0</subfield>
    <subfield code="2">ddc</subfield>
    <subfield code="4">0</subfield>
    <subfield code="7">1</subfield>
    <subfield code="8">NFIC</subfield>
    <subfield code="a">DBAD</subfield>
    <subfield code="b">DBAD</subfield>
    <subfield code="d">0000-00-00</subfield>
    <subfield code="e">DBAD</subfield>
    <subfield code="g">70.00</subfield>
    <subfield code="l">0</subfield>
    <subfield code="p">BN-</subfield>
    <subfield code="r">2008-09-15 00:00:00</subfield>
    <subfield code="t">1</subfield>
    <subfield code="u">394</subfield>
    <subfield code="v">70.00</subfield>
    <subfield code="w">2008-09-15</subfield>
    <subfield code="y">BN</subfield>
  </datafield>
</record>
